Айкидо (Запись № 1420310)
[ простой вид ]
| 000 -МАРКЕР | |
|---|---|
| контрольное поле | 01072nam0a2200289 4500 |
| 001 - ИДЕНТИФИКАТОР ЗАПИСИ | |
| контрольное поле | RU\NLR\bibl\1743573 |
| 005 - ИДЕНТИФИКАТОР ВЕРСИИ | |
| контрольное поле | 20260405215549.0 |
| 010 ## - МЕЖДУНАРОДНЫЙ СТАНДАРТНЫЙ НОМЕР КНИГИ (ISBN) | |
| Номер (ISBN) | 5-278-00416-9 |
| Тираж | 50000 |
| 035 ## - ДРУГИЕ СИСТЕМНЫЕ НОМЕРА | |
| Идентификатор записи | (NLR Aleph) 001734479 |
| 100 ## - ДАННЫЕ ОБЩЕЙ ОБРАБОТКИ | |
| Данные общей обработки | 20110304d1990 |||y0rusy50 ca |
| 101 0# - ЯЗЫК РЕСУРСА | |
| Язык текста, звукозаписи и т.д. | русский |
| 102 ## - СТРАНА ПУБЛИКАЦИИ ИЛИ ПРОИЗВОДСТВА | |
| Страна публикации | российская федерация |
| 105 ## - ПОЛЕ КОДИРОВАННЫХ ДАННЫХ: ТЕКСТОВЫЕ МАТЕРИАЛЫ, МОНОГРАФИЧЕСКИЕ | |
| Кодированные данные о монографическом текстовом документе | a ||||||||| |
| 200 1# - ЗАГЛАВИЕ И СВЕДЕНИЯ ОБ ОТВЕТСТВЕННОСТИ | |
| Основное заглавие | Айкидо |
| Сведения, относящиеся к заглавию | [методическое пособие] |
| Первые сведения об ответственности | В. Матвеев |
| 210 ## - ПУБЛИКАЦИЯ, РАСПРОСТРАНЕНИЕ И ДР. | |
| Место издания, распространения и т.д. | Москва |
| Имя издателя, распространителя и т. д. | Интерконтакт [и др.] |
| Дата издания, распространения и т.д. | 1990 |
| 215 ## - ФИЗИЧЕСКАЯ ХАРАКТЕРИСТИКА | |
| Специфическое обозначение материала и объем | 62, [2] с. |
| Другие сведения о физической характеристике | ил. |
| Размеры | 20 |
| 320 ## - ПРИМЕЧАНИЯ О НАЛИЧИИ В ДОКУМЕНТЕ БИБЛИОГРАФИИ / УКАЗАТЕЛЯ | |
| Текст примечания | Библиогр. в конце кн. |
| 606 1# - НАИМЕНОВАНИЕ ТЕМЫ КАК ПРЕДМЕТ | |
| Наименование темы | Айкидо |
| Формальный подзаголовок | Методические пособия |
| Системный номер авторитетной/нормативной записи | 921051 |
| Идентификатор авторитетной/нормативной записи | RU\NLR\auth\6618735 |
| 686 ## - ИНДЕКСЫ ДРУГИХ КЛАССИФИКАЦИЙ | |
| Индекс | Ц4,8(5Я)361.12я8 |
| 686 ## - ИНДЕКСЫ ДРУГИХ КЛАССИФИКАЦИЙ | |
| Индекс | Ч517.158я8 |
| 700 #1 - ИМЯ ЛИЦА - ПЕРВИЧНАЯ ОТВЕТСТВЕННОСТЬ | |
| Код отношения | Автор |
| Материалы, к которым относится поле | rus |
| Графика поля | Кириллица |
| Начальный элемент ввода | Матвеев |
| Часть имени, кроме начального элемента ввода | В. А. |
| Дополнения к именам, кроме дат | канд. физ.-мат. наук, тренер по айкидо |
| Расширение инициалов личного имени | Вячеслав Александрович |
| Идентификатор авторитетной/нормативной записи | RU\NLR\auth\7798075 |
| Системный номер авторитетной/нормативной записи | 81001 |
| 801 #0 - ИСТОЧНИК ЗАПИСИ | |
| Страна | российская федерация |
| Организация | NLR |
| Дата составления | 20110304 |
| Правила каталогизации | RCR |
| 801 #1 - ИСТОЧНИК ЗАПИСИ | |
| Страна | российская федерация |
| Организация | NLR |
| Дата составления | 20110304 |
| 942 ## - ДОПОЛНИТЕЛЬНЫЕ ЭЛЕМЕНТЫ ЗАПИСИ (АБИС) | |
| Тип экземпляра АБИС | Книга |
| 980 ## - КОЛЛЕКЦИЯ | |
| Название коллекции | Национальная библиография |
| Тип экземпляра | Дата поступления | Источник поступления | Библиотека постоянного хранения | Библиотека текущего хранения | Место хранения | Шифр хранения | Штрих-код | Статус не для выдачи |
|---|---|---|---|---|---|---|---|---|
| Книга | 04.03.2011 | Дар | РНБ (Московский) | РНБ (Московский) | Русский книжный фонд: издания с 1957 года, 8этаж | 2011-4/1838 | 1-4504101 |